|
|
|
|
| LEADER |
01391nam a2200373Ia 4500 |
| 001 |
EBC480647 |
| 003 |
MiAaPQ |
| 005 |
20200520144314.0 |
| 006 |
m o d | |
| 007 |
cr cn||||||||| |
| 008 |
090903s2010 enkab sb 001 0 eng d |
| 020 |
|
|
|z 019956051X (pbk.)
|
| 020 |
|
|
|z 9780199560516 (pbk.)
|
| 035 |
|
|
|a (MiAaPQ)EBC480647
|
| 035 |
|
|
|a (Au-PeEL)EBL480647
|
| 035 |
|
|
|a (CaPaEBR)ebr10362194
|
| 035 |
|
|
|a (CaONFJC)MIL269827
|
| 035 |
|
|
|a (OCoLC)551681369
|
| 040 |
|
|
|a MiAaPQ
|c MiAaPQ
|d MiAaPQ
|
| 050 |
|
4 |
|a HB95
|b .S74 2010
|
| 100 |
1 |
|
|a Steger, Manfred B.,
|d 1961-
|
| 245 |
1 |
0 |
|a Neoliberalism
|h [electronic resource] :
|b a very short introduction /
|c Manfred B. Steger and Ravi K. Roy.
|
| 260 |
|
|
|a Oxford ;
|a New York :
|b Oxford University Press,
|c 2010.
|
| 300 |
|
|
|a xvi, 150 p. :
|b ill., maps.
|
| 490 |
1 |
|
|a Very short introductions ;
|v 222
|
| 504 |
|
|
|a Includes bibliographical references and index.
|
| 533 |
|
|
|a Electronic reproduction. Ann Arbor, MI : ProQuest, 2015. Available via World Wide Web. Access may be limited to ProQuest affiliated libraries.
|
| 650 |
|
0 |
|a Free enterprise.
|
| 650 |
|
0 |
|a Neoliberalism.
|
| 655 |
|
4 |
|a Electronic books.
|
| 700 |
1 |
|
|a Roy, Ravi K.,
|d 1969-
|
| 710 |
2 |
|
|a ProQuest (Firm)
|
| 830 |
|
0 |
|a Very short introductions ;
|v 222.
|
| 856 |
4 |
0 |
|u https://ebookcentral.proquest.com/lib/matrademy/detail.action?docID=480647
|z Click to View
|